zpět

Detail výsledku týmu

Harry, Brno

Datum a čas kvízu

28.5 Celkem bodů Celkový počet nahraných bodů na tomto kvízu bez doplňovacích otázek.
8. Pořadí na kvízu Konečné umístění týmu na tomto kvízu.

Zaznamenané odpovědi

# Otázka Odpověď Body Výsledky
1. Který hudebník narozený v roce... Vladimír Mišík 0
2. Poměrně neobvyklé záběry se do... ve Španělsku 0
3. Ve čtvrtek měl v Hudebním diva... Anděl Páně 1
4. Která dvě křestní jména (jedno... Eliška, Jakub 1
5. Fotbalisté Barcelony nastoupil... Rolling Stones. 0
6. Naše téma nezačneme v kurníku,... Fabergého vejce 1
7. Barvíte velikonoční vajíčka? T... 1B 2C 3A 4D 0
8. Která z vajec na obrázku snesl... B 0
9. Ze kterého animovaného filmu z... ze Slepičího úletu 0
10. Vyberte nepravdivé tvrzení. D 0